000 00299nam a2200121Ia 4500
008 190723s9999 xx 000 0 und d
020 _a978-969-23199-0-4
100 _aAzher Rizvi
245 0 _aEntrepreneuring Pakistan
260 _aKhy-e-Badban
_bAzher rizvi
_c2017
300 _a352.:p
942 _cBK
999 _c1791
_d1791